At Edinburgh the 14. day of April 1645. : Forasmeikle as upon the first of this instant, about eight a clock in the morning, certain cleansers in Kelso being cleaning ane house ... the fire took hold of that house, and by occasion thereof, the whole houses of that town from that down-ward ...

Bibliographic Details
Corporate Author: Scotland. Parliament. Committee of Estates
Format: eBook
Language:English
Published: Edinburgh : Printed by Evan Tyler, Printer to the Kings most excellent Majestie, Anno 1645.
Series:Early English books online.
Subjects:
Online Access:Connect to the full text of this electronic book

MARC

Tag First Indicator Second Indicator Subfields
LEADER 00000nam a2200000Ia 4500
001 in00004332001
005 20200812093000.0
006 m g d
007 cr bn |||a|bb|
008 040106s1645 stk o 000 0 eng d
035 |a (OCoLC)53981717 
040 |a EAE  |c EAE  |e dcrb 
037 |a CL0037000123  |b ProQuest Information and Learning. 300 N. Zeeb Rd., Ann Arbor, MI 48106 
043 |a e-uk-st 
090 |a DA880.K4  |b .S36 1645 
049 |a UMIA 
110 1 |a Scotland.  |b Parliament.  |b Committee of Estates. 
245 1 0 |a At Edinburgh the 14. day of April 1645. :  |b Forasmeikle as upon the first of this instant, about eight a clock in the morning, certain cleansers in Kelso being cleaning ane house ... the fire took hold of that house, and by occasion thereof, the whole houses of that town from that down-ward ... 
260 |a Edinburgh :  |b Printed by Evan Tyler, Printer to the Kings most excellent Majestie,  |c Anno 1645. 
300 |a 1 online resource (1 sheet ([1] pages) 
336 |a text  |b txt  |2 rdacontent 
337 |a computer  |b c  |2 rdamedia 
338 |a online resource  |b cr  |2 rdacarrier 
500 |a Caption title. 
500 |a Headpiece and tailpiece; initial letter. 
500 |a Signed at end: Arch. Primerose. 
500 |a Imperfect: creased with slight loss of text. 
500 |a Reproduction of the original in the National Library of Scotland. 
510 4 |a Wing (2nd edition)  |c S1241A 
533 |a Electronic reproduction.  |b Ann Arbor, Mich. :  |c UMI,  |d 1999-  |f (Early English books online)  |n Digital version of: (Early English Books, 1641-1700 ; 2826:30)  |7 s1999 miun s 
651 0 |a Kelso (Scotland)  |x History  |y 17th century  |v Sources. 
650 0 |a Disaster relief  |x Law and legislation  |z Scotland  |v Early works to 1800. 
655 7 |a Broadsides  |z Scotland  |y 17th century.  |2 rbgenr 
830 0 |a Early English books online. 
856 4 0 |u http://proxy.library.tamu.edu/login?url=https://search.proquest.com/docview/2240869845  |z Connect to the full text of this electronic book  |t 0 
999 f f |s ac70f61a-818e-341d-897b-9358b8cf77cf  |i f9c54505-01db-3722-bd6c-9a420557e0a7  |t 0 
952 f f |a Texas A&M University  |b College Station  |c Electronic Resources  |d Available Online  |t 0  |e DA880.K4 .S36 1645  |h Library of Congress classification 
998 f f |a DA880.K4 .S36 1645  |t 0  |l Available Online